[Event "España tch División de Honor 2013"]
[Site "Linares ESP"]
[Date "2013.09.14"]
[Round "7.31"]
[White "Sargissian, Gabriel"]
[Black "Navara, David"]
[Result "1/2-1/2"]
[WhiteElo "2671"]
[BlackElo "2715"]
[PlyCount "96"]
[EventDate "2013.09.08"]
[EventType "team-tourn"]
[EventRounds "7"]
[EventCountry "ESP"]
[Source "lmi"]
[SourceDate "2013.09.08"]

1. d4 Nf6 2. c4 g6 3. Nf3 Bg7 4. g3 d5 5. cxd5 Nxd5 6. Bg2 Nb6 7. Nc3 Nc6 8. e3
O-O 9. O-O Re8 10. h3 a5 11. d5 Ne5 12. Nxe5 Bxe5 13. e4 e6 14. Bh6 exd5 15.
exd5 Nc4 16. Re1 Bd7 17. Rxe5 Nxe5 18. f4 Nc6 19. Ne4 Bxh3 20. Bg5 Bxg2 21.
Bxd8 Bxe4 22. Bxc7 Re7 23. d6 Rd7 24. Qb3 Nd4 25. Qe3 Nf3+ 26. Kf2 Re8 27. g4
Re6 28. f5 Re5 29. f6 Re6 30. Kg3 g5 31. Rf1 Bc6 32. Qa7 Rxf6 33. Qb8+ Kg7 34.
Bxa5 Rf4 35. Bd8 f5 36. Be7 Rxg4+ 37. Kf2 Rf4 38. Qf8+ Kg6 39. Qe8+ Kg7 40.
Qf8+ Kg6 41. Ke3 Re4+ 42. Kxf3 Rexe7+ 43. Kf2 Re4 44. Re1 Rf4+ 45. Kg1 Rg4+ 46.
Kf1 Rf4+ 47. Kg1 Rg4+ 48. Kf1 Rf4+ 1/2-1/2

[Event "España tch División de Honor 2013"]
[Site "Linares ESP"]
[Date "2013.09.14"]
[Round "7.32"]
[White "Vallejo Pons, Francisco"]
[Black "Svetushkin, Dmitry"]
[Result "1-0"]
[WhiteElo "2706"]
[BlackElo "2614"]
[PlyCount "61"]
[EventDate "2013.09.08"]
[EventType "team-tourn"]
[EventRounds "7"]
[EventCountry "ESP"]
[Source "lmi"]
[SourceDate "2013.09.08"]

1. e4 e5 2. Nf3 Nc6 3. Bb5 a6 4. Ba4 Nf6 5. d3 Bc5 6. O-O d6 7. c3 b5 8. Bc2
O-O 9. a4 Rb8 10. b4 Bb6 11. Na3 Bd7 12. Bb3 Ne7 13. Nc2 Ng6 14. Be3 c5 15.
axb5 axb5 16. bxc5 dxc5 17. Bg5 h6 18. Bxf6 Qxf6 19. Ne3 Nf4 20. g3 Nh3+ 21.
Kg2 Ng5 22. Nxg5 hxg5 23. Qh5 Qh6 24. Qxh6 gxh6 25. Nd5 Kg7 26. Ra6 Bd8 27. Rb1
Rc8 28. Ra7 Bc6 29. Ne3 Rc7 30. Nf5+ Kg6 31. Rxc7 1-0

[Event "España tch División de Honor 2013"]
[Site "Linares ESP"]
[Date "2013.09.14"]
[Round "7.33"]
[White "Perez Candelario, Manuel"]
[Black "Magem Badals, Jordi"]
[Result "1/2-1/2"]
[WhiteElo "2569"]
[BlackElo "2551"]
[PlyCount "65"]
[EventDate "2013.09.08"]
[EventType "team-tourn"]
[EventRounds "7"]
[EventCountry "ESP"]
[Source "lmi"]
[SourceDate "2013.09.08"]

1. d4 d5 2. c4 c6 3. Nf3 Nf6 4. Nc3 dxc4 5. e3 b5 6. a4 b4 7. Na2 e6 8. Bxc4
Nbd7 9. O-O Bb7 10. Bd2 a5 11. Nc1 Be7 12. Qe2 c5 13. dxc5 O-O 14. Nb3 Nxc5 15.
Nxc5 Bxc5 16. Rfd1 Qb6 17. Be1 Rfd8 18. h3 Ne4 19. Rxd8+ Rxd8 20. Rd1 Be7 21.
Ne5 Qc7 22. Rxd8+ Bxd8 23. Nf3 Bf6 24. b3 g6 25. Nd2 Nc5 26. f3 Bc3 27. e4 Qd6
28. Nf1 Bxe1 29. Qxe1 Qd4+ 30. Qe3 Qxe3+ 31. Nxe3 Kf8 32. h4 Ke7 33. f4 1/2-1/2

[Event "España tch División de Honor 2013"]
[Site "Linares ESP"]
[Date "2013.09.14"]
[Round "7.34"]
[White "Lopez Martinez, Josep Manuel"]
[Black "Antipov, Mikhail Al"]
[Result "1/2-1/2"]
[WhiteElo "2543"]
[BlackElo "2515"]
[PlyCount "105"]
[EventDate "2013.09.08"]
[EventType "team-tourn"]
[EventRounds "7"]
[EventCountry "ESP"]
[Source "lmi"]
[SourceDate "2013.09.08"]

1. e4 c5 2. Nf3 d6 3. d4 cxd4 4. Nxd4 Nf6 5. Nc3 g6 6. Be3 Bg7 7. f3 O-O 8. Qd2
Nc6 9. O-O-O d5 10. exd5 Nxd5 11. Nxc6 bxc6 12. Bd4 Nxc3 13. Qxc3 Bh6+ 14. Be3
Bxe3+ 15. Qxe3 Qb6 16. Qxe7 Be6 17. Qa3 Rad8 18. Bd3 Rd5 19. Rhe1 Rfd8 20. Qc3
c5 21. b3 Rd4 22. Re4 a5 23. a4 Rxe4 24. fxe4 c4 25. Bxc4 Rxd1+ 26. Kxd1 Qg1+
27. Kd2 Qxg2+ 28. Kc1 Bxc4 29. Qxc4 Qxh2 30. Qc8+ Kg7 31. Qc3+ f6 32. Qxa5 h5
33. Qa7+ Kh6 34. a5 Qf4+ 35. Kb2 h4 36. a6 h3 37. Qa8 Qe5+ 38. c3 Qh2+ 39. Ka3
Qd6+ 40. b4 Qd3 41. Qc8 Kg5 42. a7 h2 43. a8=Q h1=Q 44. Qd5+ Qxd5 45. exd5 Qxd5
46. Qa6 f5 47. b5 f4 48. b6 Qd6+ 49. Kb3 Qd1+ 50. Kb4 Qd6+ 51. Kb3 Qd1+ 52. Kb4
Qd6+ 53. Kb3 1/2-1/2

[Event "España tch División de Honor 2013"]
[Site "Linares ESP"]
[Date "2013.09.14"]
[Round "7.35"]
[White "Santos Latasa, Jaime"]
[Black "Alonso Rosell, Alvar"]
[Result "1-0"]
[WhiteElo "2452"]
[BlackElo "2542"]
[PlyCount "53"]
[EventDate "2013.09.08"]
[EventType "team-tourn"]
[EventRounds "7"]
[EventCountry "ESP"]
[Source "lmi"]
[SourceDate "2013.09.08"]

1. c4 c6 2. Nf3 d5 3. e3 Nf6 4. d4 g6 5. Nc3 Bg7 6. Be2 O-O 7. O-O b6 8. Bd2
Bb7 9. Qb3 e6 10. a4 a5 11. Rfd1 Nbd7 12. Be1 Re8 13. Rac1 Bf8 14. Qc2 Qc7 15.
b3 Ba3 16. cxd5 Bxc1 17. Nb5 Qd8 18. dxc6 Rc8 19. c7 Qe7 20. Rxc1 Nd5 21. e4
Nxc7 22. Nxc7 Nb8 23. d5 Ba6 24. Qd2 Bxe2 25. d6 Qd8 26. Qxe2 e5 27. Rd1 1-0

[Event "España tch División de Honor 2013"]
[Site "Linares ESP"]
[Date "2013.09.14"]
[Round "7.36"]
[White "Oms Pallisse, Josep"]
[Black "Moreno Tejera, Emilio"]
[Result "0-1"]
[WhiteElo "2475"]
[BlackElo "2394"]
[PlyCount "112"]
[EventDate "2013.09.08"]
[EventType "team-tourn"]
[EventRounds "7"]
[EventCountry "ESP"]
[Source "lmi"]
[SourceDate "2013.09.08"]

1. d4 f5 2. c4 Nf6 3. Nc3 d6 4. Nf3 g6 5. g3 Bg7 6. Bg2 O-O 7. O-O c6 8. Qb3
Kh8 9. Rd1 Na6 10. Bf4 Qe8 11. Qa3 h6 12. Rac1 g5 13. Bd2 f4 14. b4 Nc7 15. Be1
Qh5 16. b5 Bh3 17. Bh1 cxb5 18. c5 a5 19. cxd6 b4 20. Qa4 Bd7 21. Qc2 exd6 22.
Ne4 Nb5 23. Nxf6 Bxf6 24. Ne5 dxe5 25. dxe5 fxg3 26. hxg3 Rac8 27. Qd3 Rcd8 28.
exf6 Bc6 29. Bf3 Bxf3 30. Qxf3 Qxf3 31. exf3 Rxd1 32. Rxd1 Rxf6 33. Rd5 Nc3 34.
Rxa5 Rxf3 35. Ra7 Rf7 36. Bxc3+ bxc3 37. Ra8+ Kg7 38. Rc8 Rf3 39. Rc7+ Kf6 40.
Rxb7 Rd3 41. Rc7 Ke5 42. Kf1 Ke4 43. Ke1 Kf3 44. a4 Kg2 45. a5 Rf3 46. g4 Rxf2
47. Rxc3 Ra2 48. Rc5 Kf3 49. Rc6 Ra1+ 50. Kd2 Rxa5 51. Rxh6 Re5 52. Rh1 Kxg4
53. Rh8 Kg3 54. Rh5 Kg4 55. Rh8 Re7 56. Rh1 Kf3 0-1

[Event "España tch División de Honor 2013"]
[Site "Linares ESP"]
[Date "2013.09.14"]
[Round "7.41"]
[White "Anton Guijarro, David"]
[Black "Nisipeanu, Liviu-Dieter"]
[Result "1/2-1/2"]
[WhiteElo "2574"]
[BlackElo "2665"]
[PlyCount "66"]
[EventDate "2013.09.08"]
[EventType "team-tourn"]
[EventRounds "7"]
[EventCountry "ESP"]
[Source "lmi"]
[SourceDate "2013.09.08"]

1. Nf3 Nf6 2. c4 c5 3. g3 b6 4. Bg2 Bb7 5. O-O e6 6. Nc3 Be7 7. Re1 d5 8. cxd5
exd5 9. d4 O-O 10. Bf4 Nbd7 11. Rc1 Ne4 12. Nd2 Ndf6 13. Ndxe4 Nxe4 14. Qc2
cxd4 15. Nxe4 dxe4 16. Bxe4 Bxe4 17. Qxe4 Re8 18. Qd3 Bf6 19. Rc2 Qd5 20. b3
Rad8 21. e4 dxe3 22. Qxd5 Rxd5 23. Rxe3 Red8 24. Re4 g5 25. Be3 Bd4 26. Bxd4
Rxd4 27. Re7 R8d7 28. Rc7 Rxc7 29. Rxc7 a5 30. Rc6 Rb4 31. Kf1 Rb5 32. Ke2 a4
33. bxa4 Rb2+ 1/2-1/2

[Event "España tch División de Honor 2013"]
[Site "Linares ESP"]
[Date "2013.09.14"]
[Round "7.42"]
[White "Negi, Parimarjan"]
[Black "Almagro Llamas, Pablo"]
[Result "1/2-1/2"]
[WhiteElo "2662"]
[BlackElo "2477"]
[PlyCount "112"]
[EventDate "2013.09.08"]
[EventType "team-tourn"]
[EventRounds "7"]
[EventCountry "ESP"]
[Source "lmi"]
[SourceDate "2013.09.08"]

1. e4 c5 2. Nf3 d6 3. d4 cxd4 4. Nxd4 Nf6 5. Nc3 a6 6. h3 e6 7. g4 b5 8. Bg2
Bb7 9. O-O Qc7 10. Re1 Be7 11. g5 Nfd7 12. a4 bxa4 13. Nd5 exd5 14. exd5 g6 15.
Qe2 Ne5 16. f4 O-O 17. Rxa4 Nbd7 18. fxe5 Nb6 19. Ra5 Nc4 20. Ra4 Nb6 21. Ra5
Nc4 22. Ra1 Nxe5 23. Nc6 Rae8 24. Bf4 f6 25. Nxe5 dxe5 26. gxf6 Bc5+ 27. Be3
Rxf6 28. Kh1 Bxe3 29. Qxe3 Qxc2 30. Rf1 Rxf1+ 31. Rxf1 Qc7 32. Rf6 Qd8 33. Qb6
Bxd5 34. Qxd8 Rxd8 35. Rxa6 Bxg2+ 36. Kxg2 Rd2+ 37. Kf3 Rxb2 38. Re6 Rb3+ 39.
Kg4 Re3 40. Re7 Re1 41. h4 h6 42. h5 Re4+ 43. Kf3 Rf4+ 44. Kg3 g5 45. Re6 Kg7
46. Re7+ Kf6 47. Rh7 g4 48. Rxh6+ Kg5 49. Re6 Rf3+ 50. Kg2 Kf5 51. Re8 Rh3 52.
Rh8 Kg5 53. Re8 Kf6 54. Rf8+ Kg5 55. Re8 Kf4 56. Rh8 Kg5 1/2-1/2

[Event "España tch División de Honor 2013"]
[Site "Linares ESP"]
[Date "2013.09.14"]
[Round "7.43"]
[White "Martinez Martin, David"]
[Black "Ganguly, Surya Shekhar"]
[Result "1/2-1/2"]
[WhiteElo "2386"]
[BlackElo "2630"]
[PlyCount "89"]
[EventDate "2013.09.08"]
[EventType "team-tourn"]
[EventRounds "7"]
[EventCountry "ESP"]
[Source "lmi"]
[SourceDate "2013.09.08"]

1. Nf3 Nf6 2. d4 g6 3. c4 Bg7 4. g3 O-O 5. Bg2 d6 6. O-O Nbd7 7. Nc3 e5 8. e4
exd4 9. Nxd4 Nc5 10. f3 Nfd7 11. Be3 Ne5 12. Qe2 Bd7 13. Rad1 Re8 14. b4 Ne6
15. c5 Nxd4 16. Bxd4 dxc5 17. Bxc5 Qc8 18. Nd5 b6 19. Ne7+ Rxe7 20. Bxe7 Qe8
21. Bg5 Bb5 22. Qc2 Bxf1 23. Rxf1 Qb5 24. Qxc7 Qxb4 25. Rd1 h5 26. Qb7 Qc5+ 27.
Kh1 Rc8 28. Qxc8+ Qxc8 29. Rd8+ Qxd8 30. Bxd8 Kf8 31. f4 Ke8 32. Bc7 Nc4 33. e5
Kd7 34. Bb8 Ne3 35. Bxa7 Nxg2 36. Kxg2 Kc7 37. g4 Kb7 38. Bxb6 Kxb6 39. gxh5
gxh5 40. Kg3 Bh6 41. f5 Kc6 42. Kh4 Bf4 43. e6 fxe6 44. fxe6 Bxh2 45. Kxh5
1/2-1/2

[Event "España tch División de Honor 2013"]
[Site "Linares ESP"]
[Date "2013.09.14"]
[Round "7.44"]
[White "Delchev, Aleksander"]
[Black "Fernandez Barrera, Victor"]
[Result "1-0"]
[WhiteElo "2637"]
[BlackElo "2326"]
[PlyCount "47"]
[EventDate "2013.09.08"]
[EventType "team-tourn"]
[EventRounds "7"]
[EventCountry "ESP"]
[Source "lmi"]
[SourceDate "2013.09.08"]

1. Nf3 Nf6 2. c4 g6 3. Nc3 d5 4. cxd5 Nxd5 5. Qb3 Nb6 6. d4 Bg7 7. e4 O-O 8.
Be3 a5 9. Rd1 a4 10. Qc2 f5 11. d5 fxe4 12. Ng5 a3 13. bxa3 Kh8 14. Qb3 Qe8 15.
Bb5 c6 16. dxc6 bxc6 17. Bxb6 Nd7 18. Bxc6 Rb8 19. Na4 Rf6 20. Qh3 h6 21. Bxd7
Bxd7 22. Qxd7 Qxd7 23. Rxd7 hxg5 24. h4 1-0

[Event "España tch División de Honor 2013"]
[Site "Linares ESP"]
[Date "2013.09.14"]
[Round "7.45"]
[White "Vazquez Torres, Adrian"]
[Black "Ubilava, Elizbar"]
[Result "0-1"]
[WhiteElo "2185"]
[BlackElo "2498"]
[PlyCount "84"]
[EventDate "2013.09.08"]
[EventType "team-tourn"]
[EventRounds "7"]
[EventCountry "ESP"]
[Source "lmi"]
[SourceDate "2013.09.08"]

1. e4 g6 2. d4 Bg7 3. Nc3 d6 4. Be3 a6 5. Qd2 b5 6. Nf3 Bb7 7. Bd3 Nd7 8. Ne2
Ngf6 9. Ng3 Ng4 10. Bf4 e5 11. dxe5 dxe5 12. Bg5 f6 13. Be3 Qe7 14. a4 Nxe3 15.
Qxe3 O-O 16. O-O c6 17. c3 Nc5 18. Bc2 a5 19. Rfd1 Kh8 20. Nh4 Ne6 21. Bb3 Nf4
22. Ne2 Nxe2+ 23. Qxe2 f5 24. Nf3 b4 25. Qe3 bxc3 26. bxc3 Ba6 27. Bc2 f4 28.
Qe1 g5 29. h3 h5 30. Bd3 Bc8 31. Qe2 g4 32. hxg4 hxg4 33. Nh2 Qh4 34. Bc4 Rf6
35. Rd8+ Bf8 36. Rxc8 f3 37. Qe3 Rxc8 38. g3 Qh5 39. Qa7 Rh6 40. Kf1 Qxh2 41.
Ke1 Qh1+ 42. Bf1 Qxf1+ 0-1

[Event "España tch División de Honor 2013"]
[Site "Linares ESP"]
[Date "2013.09.14"]
[Round "7.46"]
[White "De la Villa Garcia, Jesus Maria"]
[Black "Perez de Aranda, Leonardo Ivan"]
[Result "1-0"]
[WhiteElo "2477"]
[BlackElo "2160"]
[PlyCount "47"]
[EventDate "2013.09.08"]
[EventType "team-tourn"]
[EventRounds "7"]
[EventCountry "ESP"]
[Source "lmi"]
[SourceDate "2013.09.08"]

1. e4 c5 2. Nf3 d6 3. d4 cxd4 4. Nxd4 Nf6 5. f3 e6 6. Nc3 a6 7. Be3 b5 8. Qd2
Qc7 9. O-O-O Nbd7 10. Bxb5 axb5 11. Ndxb5 Qb8 12. Nxd6+ Bxd6 13. Qxd6 Qxd6 14.
Rxd6 O-O 15. b3 Bb7 16. Rhd1 Ne5 17. a4 h5 18. Kb2 Rfc8 19. Nb5 Kf8 20. Na7
Rcb8 21. Bc5 Ke8 22. Nb5 Rc8 23. Rd8+ Rxd8 24. Nc7# 1-0